000 00748nam a2200241Ia 4500
003 OSt
005 20220927105140.0
006 a|||||r|||| 00| 0
007 ta
008 220926b |||||||| |||| 00| 0 eng d
024 _a180301
037 _cReference Collections
040 _aRTL
_cRTL
_beng
041 _2eng
_aeng
082 _a"X71:8F.2.N74<N73r, L4/GD"
110 _a"INDIA, LOK SABHA"
_9370488
245 0 _aPublic accounts committee
_b Hundred and thirty-third report.
260 _aNew
_bDelhi Lok Sabha secretariat
_c1974
300 _a"v,111p."
_ccm.
700 _a"INDIA, LOK SABHA"
_9370489
942 _h"X71:8F.2.N74<N73r, L4/GD"
_cCC
999 _c690878
_d690878